Giáo dục hướng vào thế kỷ XXI

Na minha lista:
Detalhes bibliográficos
Formato: Livro
Publicado em: 2000
Tags: Adicionar Tag
Sem tags, seja o primeiro a adicionar uma tag!
Thư viện lưu trữ: Mạng thư viện Đại học Đà Nẵng
LEADER 00457nam a22001811a 4500
001 000038981
003 15276
005 20160412021903.0
008 160412s2000 000
082 |a 4V(TK)406 
245 |a Giáo dục hướng vào thế kỷ XXI  |c Trường ĐHSP-ĐHĐN 
260 |c 2000 
OWN |a LNN 
999 |a From the UDN01 
TYP |a Monograph 
980 |a Mạng thư viện Đại học Đà Nẵng